White Man's Grave/ (Record no. 50832)

000 -LEADER
fixed length control field 00384nam a22001571a 4500
020 ## - INTERNATIONAL STANDARD BOOK NUMBER
ISBN 9781856196659
082 ## - DEWEY DECIMAL CLASSIFICATION NUMBER
Classification number 823
Item number RIC/W
100 ## - MAIN ENTRY--AUTHOR NAME
Personal name Richard Dooling
245 ## - TITLE STATEMENT
Title White Man's Grave/
Statement of responsibility, etc by Richard Dooling
260 ## - PUBLICATION, DISTRIBUTION, ETC. (IMPRINT)
Place of publication London:
Name of publisher Sinclair-Stevenson,
Year of publication 1995.
300 ## - PHYSICAL DESCRIPTION
Number of Pages 386p.
650 ## - SUBJECT ADDED ENTRY--TOPICAL TERM
Topical Term Novel English
650 ## - SUBJECT ADDED ENTRY--TOPICAL TERM
Topical Term Literature English
650 ## - SUBJECT ADDED ENTRY--TOPICAL TERM
Topical Term Literature
942 ## - ADDED ENTRY ELEMENTS (KOHA)
Koha item type Book
Holdings
Withdrawn status Lost status Damaged status Not for loan Permanent Location Current Location Date acquired Cost, normal purchase price Full call number Accession Number Cost, replacement price Price effective from Koha item type
        Sree Sankaracharya University of Sanskrit Sree Sankaracharya University of Sanskrit 08.01.2015 365.50 823 RIC/W 040702 0.00 08.01.2015 Book